000 00331 a2200157 4500
001 168955
020 _a
040 _cMagnum
100 _aUsberco, Joao
240 1 0 _aQuimica 2 - fisico-quimica
_lpor
245 1 0 _aQuimica 2 - fisico-quimica
362 0 _a1899
440 1 _aSaraiva
697 _aPARADIDATICO
942 _cBK
999 _c168955
_d168955